Selena - I Could Fall In Love - Statistics

General Stats
  • This quiz has been taken 8 times
  • The average score is 173 of 252
Answer Stats
Lyric % Correct
a
100%
and
100%
And
100%
could
100%
I
100%
(I
100%
in
100%
yo
100%
you
100%
you)
100%
fall
86%
Fall
86%
(Fall
86%
fall,
86%
go
86%
love
86%
love)
86%
to
86%
To
86%
with
86%
With
86%
can
71%
let
71%
my
71%
never
71%
arms
57%
do
57%
heart
57%
know
57%
me
57%
me?)
57%
mi
57%
take
57%
how
43%
If
43%
if
43%
it's
43%
lose
43%
Lose
43%
myself
43%
not
43%
right
43%
should
43%
So
43%
tonight
43%
would
43%
(Baby)
29%
(Baby,
29%
But
29%
don't
29%
en
29%
feel,
29%
feel
29%
guess
29%
keep
29%
make
29%
might
29%
only
29%
stay
29%
the
29%
this
29%
ti
29%
Touching
29%
try
29%
what
29%
will
29%
away
14%
'Cause
14%
chance
14%
con
14%
control
14%
estoy
14%
que
14%
Siempre
14%
soñando
14%
that
14%
Tomorrow
14%
turn
14%
walk
14%
way
14%
wonder
14%
Abrazándome
0%
acariciando
0%
amar
0%
amas
0%
ansias
0%
Besando
0%
Como
0%
Imaginando
0%
labios,
0%
locas
0%
mis
0%
now
0%
piel
0%
podría
0%
still?
0%
want
0%
No matching quizzes found
Score Distribution
Percent of People with Each Score
Percentile by Number Answered
Your Score History
You have not taken this quiz